Simulating and analyzing artificial non-stationary earthquake ground motions : seismic safety margins research program /

Bibliographic Details
Main Author: Nau, Robert F.
Corporate Authors: University of California, Berkeley, Lawrence Livermore Laboratory, U.S. Nuclear Regulatory Commission. Office of Nuclear Regulatory Research
Other Authors: Oliver, Robert M., Pister, Karl S., 1925-
Format: Government Document Book
Language:English
Published: Washington, D.C. : Springfield, Va. : The Commission : Available from GPO Sales Program, Division of Technical Information and Document Control, U.S. Nuclear Regulatory Commission ; National Technical Information Service, 1980.
Subjects:

MARC

Tag First Indicator Second Indicator Subfields
LEADER 00000cam a2200000Ia 4500
001 in00002071934
005 20151102051647.0
008 810602s1980 dcua b f000 0 eng d
035 |a (OCoLC)ocm07468551 
040 |a TVA  |c TVA  |d OCL  |d GPO  |d OCL  |d TXA  |d UtOrBLW 
049 |a TXAM 
074 |a 1051-H-11 
086 0 |a Y 3.N 88:25/1752 
088 |a NUREG/CR-1752 
088 |a UCRL-15277 
092 |a 551.22  |b N28s 
100 1 |a Nau, Robert F. 
245 1 0 |a Simulating and analyzing artificial non-stationary earthquake ground motions :  |b seismic safety margins research program /  |c by Robert F. Nau, Robert M. Oliver, Karl S. Pister ; prepared for Office of Nuclear Regulatory Research, U.S. Nuclear Regulatory Commission. 
264 1 |a Washington, D.C. :  |b The Commission :  |b Available from GPO Sales Program, Division of Technical Information and Document Control, U.S. Nuclear Regulatory Commission ;  |a Springfield, Va. :  |b National Technical Information Service,  |c 1980. 
300 |a v, 46 pages :  |b illustrations ;  |c 28 cm. 
336 |a text  |b txt  |2 rdacontent 
337 |a unmediated  |b n  |2 rdamedia 
338 |a volume  |b nc  |2 rdacarrier 
500 |a "University of California, Berkeley, California." 
500 |a "Lawrence Livermore Laboratory." 
500 |a "Date published: November 1980." 
504 |a Bibliography: pages 44-46. 
500 |a "NRC FIN number A0139." 
500 |a "NUREG/CR-1752." 
500 |a "UCRL-15277." 
650 0 |a Earth movements  |x Mathematical models. 
650 0 |a Earthquake simulators. 
650 0 |a Buildings  |x Earthquake effects. 
700 1 |a Oliver, Robert M. 
700 1 |a Pister, Karl S.,  |d 1925- 
710 2 |a University of California, Berkeley. 
710 2 |a Lawrence Livermore Laboratory. 
710 2 |a U.S. Nuclear Regulatory Commission.  |b Office of Nuclear Regulatory Research. 
994 |a C0  |b TXA 
999 |a MARS 
999 f f |s 64b8f269-adc8-3b14-8d82-3019c6ece5d6  |i d052d1d8-9478-3695-af19-30d7102d480c  |t 0 
952 f f |p normal  |a Texas A&M University  |b College Station  |c Sterling C. Evans Library  |d Evans: US Documents (Annex 5th floor)  |t 0  |e Y 3.N 88:25/1752  |h Superintendent of Documents classification  |i unmediated -- volume  |m A14832924520 
998 f f |a Y 3.N 88:25/1752  |t 0  |l Evans: US Documents (Annex 5th floor)